[Event "Barcelona Sant Marti op 11th"]
[Site "Barcelona"]
[Date "2024.01.18"]
[Round "2"]
[White "Abreu Flores, Daniel"]
[Black "Poyato Duran, David"]
[Result "1/2-1/2"]
[WhiteElo "1970"]
[BlackElo "1718"]
[PlyCount "105"]
[EventDate "2024.01.11"]
[EventType "swiss"]
[EventRounds "9"]
[EventCountry "ESP"]
[SourceTitle "CB11_2024"]
[SourceDate "2024.03.13"]
[SourceVersion "1"]
[SourceVersionDate "2024.03.13"]
[SourceQuality "1"]

1. d4 d5 2. Bf4 Nf6 3. e3 e6 4. Nd2 c5 5. c3 Bd6 6. Bxd6 Qxd6 7. f4 b6 8. Bd3 Ba6 9. Bxa6 Nxa6 10. Qa4+ b5 11. Qxb5+ Ke7 12. Qa4 Rhb8 13. Rb1 cxd4 14. Qxd4 Rb6 15. Ngf3 Rab8 16. 0-0 Rxb2 17. Qxa7+ Nc7 18. Nb3 Ra8 19. Qb7 Raxa2 20. Rxb2 Rxb2 21. Nfd4 Nd7 22. Qa7 Qa6 23. Ra1 Qxa7 24. Rxa7 Nb5 25. Ra8 Nxc3 26. Nc6+ Kf6 27. Nbd4 Nd1 28. Ra7 e5 29. Nf3 exf4 30. Rxd7 Nxe3 31. Ne1 g5 32. Nd4 g4 33. Rc7 h5 34. Ndc2 Rxc2 35. Rxc2 Nxc2 36. Nxc2 Ke5 37. Kf1 Ke4 38. Ke2 d4 39. Ne1 h4 40. Nd3 f3+ 41. gxf3+ gxf3+ 42. Kd2 f2 43. Nxf2+ Kf3 44. Nh3 f6 45. Kd3 Kg2 46. Nf4+ Kxh2 47. Kxd4 Kg3 48. Ke4 Kg4 49. Nd3 f5+ 50. Ke5 Kf3 51. Nf4 h3 52. Nxh3 f4 53. Nxf4 1/2-1/2

[Event "Barcelona Sant Marti op 11th"]
[Site "Barcelona"]
[Date "2024.01.11"]
[Round "1"]
[White "Cervera Lopez, Miguel"]
[Black "Abreu Flores, Daniel"]
[Result "0-1"]
[WhiteElo "1580"]
[BlackElo "1970"]
[PlyCount "44"]
[EventDate "2024.01.11"]
[EventType "swiss"]
[EventRounds "9"]
[EventCountry "ESP"]
[SourceTitle "CB11_2024"]
[SourceDate "2024.03.13"]
[SourceVersion "1"]
[SourceVersionDate "2024.03.13"]
[SourceQuality "1"]

1. d4 Nf6 2. c4 e5 3. Bg5 Bb4+ 4. Bd2 Qe7 5. a3 Bxd2+ 6. Qxd2 Ne4 7. Qd3 exd4 8. Nd2 Nxd2 9. Qxd2 c5 10. Nf3 Nc6 11. g3 d6 12. Bg2 0-0 13. 0-0 Be6 14. b3 h6 15. Nh4 Rfe8 16. Rae1 Bg4 17. f3 Bd7 18. f4 Qe3+ 19. Qxe3 Rxe3 20. Rf3 Rae8 21. Kf2 g5 22. fxg5 hxg5 0-1

[Event "Sant Adria de Besos op 17th"]
[Site "Sant Adria de Besos"]
[Date "2023.06.11"]
[Round "8"]
[White "Abreu Flores, Daniel"]
[Black "Ruiz Mata, Oscar"]
[Result "0-1"]
[WhiteElo "2199"]
[BlackElo "2372"]
[PlyCount "96"]
[EventDate "2023.04.02"]
[EventType "swiss"]
[EventRounds "9"]
[EventCountry "ESP"]
[SourceTitle "EXT 2024"]
[Source "ChessBase"]
[SourceDate "2023.10.10"]
[SourceVersion "1"]
[SourceVersionDate "2023.10.10"]
[SourceQuality "1"]

1. d4 Nf6 2. Bf4 e6 3. e3 b6 4. Nf3 Be7 5. h3 Bb7 6. Bd3 0-0 7. Nbd2 c5 8. c3 d6 9. 0-0 Nbd7 10. Bh2 Rc8 11. a4 Nb8 12. Qe2 Nc6 13. Rad1 d5 14. Ne5 Nxe5 15. dxe5 Nd7 16. Qg4 Qe8 17. Nf3 c4 18. Bc2 Nc5 19. Bf4 f5 20. exf6 Bxf6 21. Bd6 Rf7 22. Qh5 Ne4 23. Bxe4 dxe4 24. Ng5 Bxg5 25. Qxg5 Qxa4 26. Be5 Qe8 27. Rd6 Qe7 28. Qg4 Rf5 29. Rxe6 Qf7 30. Rd1 Rf8 31. Qg3 Bc8 32. Red6 Rxf2 33. Bf4 Rxb2 34. Rd8 Qf5 35. Rxf8+ Kxf8 36. Be5 Ke8 37. Bxg7 Qg6 38. Qxg6+ hxg6 39. Rd4 Kf7 40. Bh8 b5 41. g4 a5 42. Rxe4 a4 43. g5 Rg2+ 44. Kf1 Rxg5 45. Rd4 Bxh3+ 46. Ke2 a3 47. Rd8 a2 48. Ra8 Rg1 0-1

[Event "Sant Adria de Besos op 17th"]
[Site "Sant Adria de Besos"]
[Date "2023.06.04"]
[Round "7"]
[White "Abreu Flores, Daniel"]
[Black "Recio Reyes, Sergio"]
[Result "1-0"]
[WhiteElo "2199"]
[BlackElo "2051"]
[PlyCount "59"]
[EventDate "2023.04.02"]
[EventType "swiss"]
[EventRounds "9"]
[EventCountry "ESP"]
[SourceTitle "EXT 2024"]
[Source "ChessBase"]
[SourceDate "2023.10.10"]
[SourceVersion "1"]
[SourceVersionDate "2023.10.10"]
[SourceQuality "1"]

1. d4 f5 2. Nc3 e6 3. e4 Bb4 4. exf5 Bxc3+ 5. bxc3 exf5 6. Qh5+ g6 7. Qf3 Qe7+ 8. Be2 Nf6 9. Nh3 Qe4 10. Qg3 0-0 11. Nf4 Qe8 12. f3 Nc6 13. 0-0 Ne7 14. Ba3 d6 15. Bc4+ Kh8 16. Rfe1 Qc6 17. Rxe7 Qxc4 18. Nxg6+ hxg6 19. Qxg6 Qg8 20. Qh6+ Nh7 21. Rxh7+ Qxh7 22. Qxf8+ Qg8 23. Qe7 Be6 24. d5 Bxd5 25. c4 Qf7 26. Bb2+ Kg8 27. Qg5+ Kf8 28. cxd5 Qxd5 29. Re1 Qf7 30. Qh6+ 1-0

[Event "Sant Adria de Besos op 17th"]
[Site "Sant Adria de Besos"]
[Date "2023.05.28"]
[Round "6"]
[White "Mas Recorda, Pere"]
[Black "Abreu Flores, Daniel"]
[Result "1/2-1/2"]
[WhiteElo "2014"]
[BlackElo "2199"]
[PlyCount "25"]
[EventDate "2023.04.02"]
[EventType "swiss"]
[EventRounds "9"]
[EventCountry "ESP"]
[SourceTitle "EXT 2024"]
[Source "ChessBase"]
[SourceDate "2023.10.10"]
[SourceVersion "1"]
[SourceVersionDate "2023.10.10"]
[SourceQuality "1"]

1. d4 d5 2. Nf3 Nf6 3. c4 c6 4. cxd5 cxd5 5. Nc3 Qb6 6. e3 Bf5 7. Bd3 Bxd3 8. Qxd3 Nc6 9. 0-0 e6 10. Bd2 Be7 11. Na4 Qc7 12. Rac1 Qd7 13. Nc5 1/2-1/2

[Event "Sant Adria de Besos op 17th"]
[Site "Sant Adria de Besos"]
[Date "2023.05.14"]
[Round "4"]
[White "Ledo Garcia, Joan Benet"]
[Black "Abreu Flores, Daniel"]
[Result "1/2-1/2"]
[WhiteElo "2224"]
[BlackElo "2199"]
[PlyCount "31"]
[EventDate "2023.04.02"]
[EventType "swiss"]
[EventRounds "9"]
[EventCountry "ESP"]
[SourceTitle "EXT 2024"]
[Source "ChessBase"]
[SourceDate "2023.10.10"]
[SourceVersion "1"]
[SourceVersionDate "2023.10.10"]
[SourceQuality "1"]

1. e4 e6 2. d4 d5 3. e5 c5 4. c3 Qb6 5. Nf3 Nc6 6. a3 c4 7. Nbd2 Na5 8. g3 Bd7 9. h4 Ne7 10. Bh3 Qc7 11. Rb1 Nc8 12. Nf1 Nb6 13. Bf4 0-0-0 14. Ne3 Be7 15. Nd2 Ba4 16. Qg4 1/2-1/2

[Event "Sant Adria de Besos op 17th"]
[Site "Sant Adria de Besos"]
[Date "2023.04.02"]
[Round "1"]
[White "Abreu Flores, Daniel"]
[Black "Garcia Gomez, Luis"]
[Result "1-0"]
[WhiteElo "2199"]
[BlackElo "1813"]
[PlyCount "92"]
[EventDate "2023.04.02"]
[EventType "swiss"]
[EventRounds "9"]
[EventCountry "ESP"]
[SourceTitle "EXT 2024"]
[Source "ChessBase"]
[SourceDate "2023.10.10"]
[SourceVersion "1"]
[SourceVersionDate "2023.10.10"]
[SourceQuality "1"]

1. e4 e5 2. Nf3 Nc6 3. d4 exd4 4. Nxd4 Nf6 5. Nxc6 bxc6 6. e5 Nd5 7. c4 Bb4+ 8. Nd2 Nf4 9. a3 Be7 10. Nf3 Ne6 11. Bd3 0-0 12. 0-0 Bb7 13. Bc2 f6 14. Qd3 f5 15. Rd1 d6 16. exd6 cxd6 17. Qe2 Nc5 18. b4 Ne4 19. Bxe4 fxe4 20. Qxe4 Qd7 21. Bg5 Rae8 22. Bxe7 c5 23. Qe5 Bxf3 24. gxf3 Rxe7 25. Qd5+ Qe6 26. Qxd6 Rxf3 27. Qxe6+ Rxe6 28. bxc5 Rc6 29. Rd5 Rc3 30. Rb1 Rc7 31. a4 Rxc4 32. a5 a6 33. Rb6 Kf7 34. Rxa6 R7xc5 35. Rxc5 Rxc5 36. Kg2 Rc3 37. f3 Ra3 38. Kg3 Ra4 39. f4 h5 40. Kf3 Ra2 41. h4 Ra4 42. Ke3 Kg8 43. Ra7 Kh7 44. Ra8 Kg6 45. a6 Kf7 46. a7 g6 1-0

[Event "Foment Martinenc op-A 22nd"]
[Site "Barcelona"]
[Date "2022.05.07"]
[Round "3"]
[White "Nunez Lucero, Francisco Alex"]
[Black "Abreu Flores, Daniel"]
[Result "1/2-1/2"]
[WhiteElo "2052"]
[BlackElo "1951"]
[PlyCount "90"]
[EventDate "2022.04.23"]
[EventType "swiss"]
[EventRounds "9"]
[EventCountry "ESP"]
[SourceTitle "EXT 2023"]
[Source "ChessBase"]
[SourceDate "2022.10.05"]
[SourceVersion "1"]
[SourceVersionDate "2022.10.05"]
[SourceQuality "1"]

1. e4 e6 2. d3 d5 3. Nd2 Nf6 4. Ngf3 Nc6 5. g3 b6 6. e5 Nd7 7. d4 g6 8. c4 Ne7 9. Bg2 Bg7 10. 0-0 0-0 11. Re1 Bb7 12. b3 c5 13. cxd5 Bxd5 14. Nc4 Bxc4 15. bxc4 cxd4 16. Ba3 Nc5 17. Nxd4 Rc8 18. Nb3 Qc7 19. Nxc5 bxc5 20. Rb1 Qa5 21. Qc1 a6 22. Rb3 Nf5 23. Qc3 Qxc3 24. Rxc3 Rc7 25. f4 Rb8 26. Rd1 Bf8 27. Kf2 h5 28. Be4 Be7 29. Bc1 Rb4 30. Rd2 Kg7 31. Rb2 a5 32. a3 Rxb2+ 33. Bxb2 a4 34. Bc2 Rb7 35. Bc1 Ra7 36. Bd1 Nd4 37. Ke3 f6 38. Ke4 f5+ 39. Kd3 Bd8 40. Be3 Bb6 41. Rc1 Rd7 42. Bxd4 Rxd4+ 43. Ke3 Ba5 44. Rb1 Re4+ 45. Kd3 Rd4+ 1/2-1/2

[Event "Foment Martinenc op-A 22nd"]
[Site "Barcelona"]
[Date "2022.04.30"]
[Round "2"]
[White "Abreu Flores, Daniel"]
[Black "Perez Garcia, Adria"]
[Result "1-0"]
[WhiteElo "1951"]
[BlackElo "2142"]
[PlyCount "83"]
[EventDate "2022.04.23"]
[EventType "swiss"]
[EventRounds "9"]
[EventCountry "ESP"]
[SourceTitle "EXT 2023"]
[Source "ChessBase"]
[SourceDate "2022.10.05"]
[SourceVersion "1"]
[SourceVersionDate "2022.10.05"]
[SourceQuality "1"]

1. e4 c6 2. Ne2 d5 3. e5 Bf5 4. Ng3 Bg6 5. h4 h5 6. e6 fxe6 7. d4 Nd7 8. Bd3 Bf7 9. f4 Qb6 10. c3 Ngf6 11. Nd2 c5 12. Nf3 Ng4 13. a4 a5 14. Bb5 cxd4 15. cxd4 e5 16. Qb3 Kd8 17. fxe5 e6 18. Bg5+ Be7 19. Bxe7+ Kxe7 20. Qa3+ Kd8 21. Ne2 Bg6 22. Rf1 Rf8 23. Rc1 Rf7 24. Kd2 Rc8 25. Rc3 Rxc3 26. bxc3 Be4 27. c4 dxc4 28. Bxc4 Qc6 29. Bxe6 Qc2+ 30. Ke1 Re7 31. Bxg4 hxg4 32. Nd2 Bxg2 33. Rf4 Bc6 34. Qd6 Bxa4 35. e6 Re8 36. Rf7 Qd1+ 37. Kf2 Rxe6 38. Qxe6 Qxd2 39. Rxg7 Bc6 40. Qd6 Qa2 41. d5 Qxd5 42. Rxd7+ 1-0

[Event "Santa Susanna op 15th"]
[Site "Santa Susanna"]
[Date "2021.08.05"]
[Round "7"]
[White "Cros Garcia, Marc"]
[Black "Abreu Flores, Daniel"]
[Result "0-1"]
[WhiteElo "1795"]
[BlackElo "1952"]
[PlyCount "90"]
[EventDate "2021.08.02"]
[EventType "swiss"]
[EventRounds "9"]
[EventCountry "ESP"]
[SourceTitle "EXT 2022"]
[Source "ChessBase"]
[SourceDate "2021.10.06"]
[SourceVersion "1"]
[SourceVersionDate "2021.10.06"]
[SourceQuality "1"]

1. e4 e6 2. d4 d5 3. Nc3 Nf6 4. e5 Nfd7 5. f4 c5 6. Nf3 Nc6 7. Be3 Be7 8. Qd2 b6 9. Bb5 Qc7 10. f5 Nxd4 11. Bxd4 cxd4 12. fxe6 fxe6 13. Qxd4 0-0 14. 0-0-0 Bc5 15. Nxd5 Qb7 16. Qc4 exd5 17. Rxd5 Kh8 18. Rhd1 Be3+ 19. Kb1 Nc5 20. Rd6 Qf7 21. Qc3 Bf4 22. Bc6 Rb8 23. g3 Bh6 24. Rxh6 gxh6 25. e6+ Qf6 26. e7 Bd7 27. exf8Q+ Rxf8 28. Bxd7 Qxc3 29. bxc3 Rxf3 30. Kb2 Rf2 31. h4 Kg7 32. g4 Rf4 33. Rd4 Rxd4 34. cxd4 Nxd7 35. c4 Nf6 36. c5 bxc5 37. dxc5 Kf7 38. Kc3 Ke6 39. Kb4 Kd7 40. Kb5 Nxg4 41. a4 Kc7 42. a5 Ne5 43. Ka6 Nc6 44. Kb5 Nb8 45. a6 h5 0-1

[Event "Santa Susanna op 15th"]
[Site "Santa Susanna"]
[Date "2021.08.03"]
[Round "4"]
[White "Villa Tornero, Alex"]
[Black "Abreu Flores, Daniel"]
[Result "1/2-1/2"]
[WhiteElo "1749"]
[BlackElo "1952"]
[PlyCount "52"]
[EventDate "2021.08.02"]
[EventType "swiss"]
[EventRounds "9"]
[EventCountry "ESP"]
[SourceTitle "EXT 2022"]
[Source "ChessBase"]
[SourceDate "2021.10.06"]
[SourceVersion "1"]
[SourceVersionDate "2021.10.06"]
[SourceQuality "1"]

1. e4 e6 2. d4 d5 3. Bd3 c5 4. c3 Nc6 5. Nf3 Nf6 6. Bg5 Be7 7. e5 Nd7 8. Bxe7 Qxe7 9. 0-0 cxd4 10. cxd4 Nb4 11. Na3 a6 12. Nc2 Nxd3 13. Qxd3 Nf8 14. h4 h5 15. Rac1 Nh7 16. Ne3 Qb4 17. Rc7 Bd7 18. Rfc1 Bc6 19. Nxd5 exd5 20. e6 Qd6 21. Rxf7 Nf6 22. Qg6 0-0-0 23. Ne5 Ng4 24. Rxc6+ bxc6 25. Qd3 c5 26. Qb3 Qb8 1/2-1/2

[Event "Sabadell op-B 12th"]
[Site "Sabadell"]
[Date "2019.09.07"]
[Round "6"]
[White "Prats Rodriguez, Juan Bosco"]
[Black "Abreu Flores, Daniel"]
[Result "1-0"]
[WhiteElo "1936"]
[BlackElo "1905"]
[PlyCount "119"]
[EventDate "2019.09.02"]
[EventType "swiss"]
[EventRounds "9"]
[EventCountry "ESP"]
[SourceTitle "EXT 2021"]
[Source "ChessBase"]
[SourceDate "2020.10.23"]
[SourceVersion "1"]
[SourceVersionDate "2020.10.23"]
[SourceQuality "1"]

1. e4 e6 2. d3 d5 3. Qe2 Nf6 4. Nf3 b6 5. e5 Nfd7 6. g3 Ba6 7. Bg2 Nc6 8. 0-0 Bc5 9. c3 Be7 10. h4 h6 11. h5 0-0 12. Re1 f6 13. exf6 Rxf6 14. b4 e5 15. Qd1 Kh8 16. a4 Bb7 17. b5 Na5 18. Nxe5 Nxe5 19. Rxe5 Bd6 20. Re2 Bc8 21. Re1 Qf8 22. Be3 Be6 23. Bd4 Bc5 24. Bxf6 Qxf6 25. d4 Rf8 26. Ra2 Bd6 27. Qe2 Bf7 28. Qg4 Nc4 29. Rae2 Qg5 30. Qxg5 hxg5 31. Bf3 Ra8 32. Nd2 Nxd2 33. Rxd2 a6 34. bxa6 Rxa6 35. Ra1 Ra5 36. Rb2 Be8 37. Be2 g4 38. Bxg4 b5 39. Be2 c6 40. Rba2 b4 41. cxb4 Bxb4 42. Rb1 Bd6 43. Rb6 Kh7 44. Ra6 Bb4 45. Rxa5 Bxa5 46. Ra1 Kh6 47. Bf3 Kg5 48. Kf1 Bd7 49. Rc1 Bb4 50. Ke2 Kf6 51. Ke3 Ke7 52. g4 Kd6 53. Bd1 c5 54. dxc5+ Bxc5+ 55. Rxc5 Kxc5 56. f4 Bc8 57. f5 d4+ 58. Kf4 d3 59. g5 d2 60. h6 1-0

[Event "Barcelona Sants op 21st"]
[Site "Barcelona"]
[Date "2019.08.29"]
[Round "7"]
[White "Abreu Flores, Daniel"]
[Black "Castellet Menchon, Cora"]
[Result "0-1"]
[WhiteElo "1897"]
[BlackElo "1866"]
[PlyCount "101"]
[EventDate "2019.08.23"]
[EventType "swiss"]
[EventRounds "10"]
[EventCountry "ESP"]
[SourceTitle "EXT 2020"]
[Source "ChessBase"]
[SourceDate "2019.10.17"]
[SourceVersion "1"]
[SourceVersionDate "2019.10.17"]
[SourceQuality "1"]

1. e4 c5 2. Nc3 Nc6 3. Bb5 e6 4. Bxc6 bxc6 5. f4 d5 6. Qe2 Be7 7. Nf3 Nf6 8. d3 Qb6 9. b3 Ba6 10. Na4 Qb7 11. c4 0-0 12. 0-0 Qc7 13. e5 Nd7 14. Ba3 Rae8 15. Rae1 Qa5 16. Bc1 Bc8 17. Bd2 Qc7 18. Ng5 h6 19. Nf3 f6 20. Kh1 Rf7 21. f5 Nxe5 22. fxe6 Bxe6 23. Nxe5 fxe5 24. Rxf7 Bxf7 25. Qg4 Qd6 26. Nc3 Qf6 27. Kg1 Qh4 28. Qf5 Qd4+ 29. Kh1 dxc4 30. bxc4 Bf6 31. Ne4 Bd8 32. Bc3 Be6 33. Qg6 Bf7 34. Bxd4 Bxg6 35. Bxc5 a5 36. Kg1 Bc7 37. Rb1 Rd8 38. Rb3 Bb8 39. Bb6 Rf8 40. Bxa5 Ba7+ 41. Bb6 Ra8 42. Nc5 Bb8 43. Nd7 e4 44. dxe4 Bxe4 45. Re3 Bg6 46. Re6 Bf7 47. Re4 Bd6 48. c5 Bd5 49. Rd4 Be7 50. a4 Bg5 51. Kf2 0-1

[Event "Badalona Castella op-B 45th"]
[Site "Badalona"]
[Date "2019.08.09"]
[Round "8.10"]
[White "Cheng, Justin Hong Chen"]
[Black "Abreu Flores, Daniel"]
[Result "0-1"]
[WhiteElo "1357"]
[BlackElo "1897"]
[PlyCount "54"]
[EventDate "2019.08.02"]
[EventType "swiss"]
[EventRounds "9"]
[EventCountry "ESP"]
[SourceTitle "EXT 2024"]
[Source "ChessBase"]
[SourceDate "2023.10.10"]
[SourceVersion "1"]
[SourceVersionDate "2023.10.10"]
[SourceQuality "1"]

1. e4 e6 2. d4 d5 3. Nc3 Nf6 4. e5 Nfd7 5. f4 c5 6. Nf3 Nc6 7. Be3 b6 8. Qd2 Be7 9. 0-0-0 c4 10. g4 b5 11. f5 b4 12. Ne2 Qa5 13. Kb1 c3 14. Qc1 cxb2 15. Qxb2 Nb6 16. fxe6 fxe6 17. Qb3 Ba6 18. Bg5 Bc4 19. Qb2 Na4 20. Qa1 Bxe2 21. Bxe2 Nc3+ 22. Kc1 Qa3+ 23. Kd2 Ne4+ 24. Ke1 Nxg5 25. Nxg5 Bxg5 26. Bb5 Qe3+ 27. Kf1 0-0+ 0-1

[Event "Santa Eulalia Vall del Tenes op 7th"]
[Site "Santa Eulalia de Roncana"]
[Date "2018.05.04"]
[Round "5.1"]
[White "Ortega Serra, Marc"]
[Black "Abreu Flores, Daniel"]
[Result "1-0"]
[WhiteElo "2248"]
[BlackElo "1904"]
[PlyCount "53"]
[EventDate "2018.04.06"]
[EventType "swiss"]
[EventRounds "8"]
[EventCountry "ESP"]
[SourceTitle "EXT 2024"]
[Source "ChessBase"]
[SourceDate "2023.10.10"]
[SourceVersion "1"]
[SourceVersionDate "2023.10.10"]
[SourceQuality "1"]

1. d4 e6 2. e4 d5 3. Bd3 c5 4. exd5 exd5 5. Nf3 Nf6 6. 0-0 Be7 7. dxc5 0-0 8. Be3 Nc6 9. c3 a5 10. Nbd2 Bg4 11. Qa4 Qc8 12. h3 Bh5 13. Bb5 Nd8 14. Bd4 Ne4 15. Nxe4 Bxf3 16. Nd6 Bxd6 17. cxd6 Qf5 18. gxf3 Ne6 19. Be3 d4 20. cxd4 Qxh3 21. d5 Qxf3 22. Qd1 Qh3 23. Re1 f5 24. Bf1 Qh4 25. dxe6 f4 26. Qf3 Rf6 27. Bg2 1-0

[Event "Santa Eulalia Vall del Tenes op 7th"]
[Site "Santa Eulalia de Roncana"]
[Date "2018.04.27"]
[Round "4.3"]
[White "Abreu Flores, Daniel"]
[Black "Buldo Polls, Joan"]
[Result "1-0"]
[WhiteElo "1904"]
[BlackElo "2045"]
[PlyCount "72"]
[EventDate "2018.04.06"]
[EventType "swiss"]
[EventRounds "8"]
[EventCountry "ESP"]
[SourceTitle "EXT 2024"]
[Source "ChessBase"]
[SourceDate "2023.10.10"]
[SourceVersion "1"]
[SourceVersionDate "2023.10.10"]
[SourceQuality "1"]

1. e4 c5 2. Nc3 d6 3. Bb5+ Nc6 4. Bxc6+ bxc6 5. f4 Nf6 6. d3 g6 7. Nf3 Bg7 8. 0-0 0-0 9. Qe1 Rb8 10. Qh4 d5 11. f5 gxf5 12. Bh6 Ng4 13. Bxg7 Kxg7 14. h3 Nf6 15. Qg3+ Kh8 16. Qxb8 fxe4 17. dxe4 Rg8 18. Qe5 d4 19. Rad1 Qf8 20. Ne2 Bxh3 21. Nf4 Qg7 22. Rf2 Bg4 23. Kf1 Bd7 24. Ke2 Qg3 25. Nd3 Qg6 26. Nxc5 Bg4 27. Rh1 h5 28. Qxd4 Kh7 29. Qe3 e5 30. Kd2 Re8 31. Kc1 Bc8 32. Rd2 Ng4 33. Qg5 Nf6 34. Rd6 Be6 35. Nxe6 fxe6 36. Qxg6+ Kxg6 1-0

[Event "Santa Eulalia Vall del Tenes op 7th"]
[Site "Santa Eulalia de Roncana"]
[Date "2018.04.13"]
[Round "2.8"]
[White "Lazaro Valls, Xavier"]
[Black "Abreu Flores, Daniel"]
[Result "0-1"]
[WhiteElo "1505"]
[BlackElo "1904"]
[PlyCount "56"]
[EventDate "2018.04.06"]
[EventType "swiss"]
[EventRounds "8"]
[EventCountry "ESP"]
[SourceTitle "EXT 2024"]
[Source "ChessBase"]
[SourceDate "2023.10.10"]
[SourceVersion "1"]
[SourceVersionDate "2023.10.10"]
[SourceQuality "1"]

1. e4 e6 2. Nf3 d5 3. exd5 exd5 4. Be2 Bd6 5. 0-0 Ne7 6. b3 Nbc6 7. Bb2 f6 8. Re1 Bf5 9. Nh4 Qd7 10. Bh5+ g6 11. Nxf5 Qxf5 12. Bg4 Qg5 13. d4 f5 14. Bf3 0-0-0 15. g3 Rhe8 16. Re6 f4 17. h4 Qh6 18. Bg4 Kb8 19. Qe1 Qf8 20. Nd2 Nf5 21. Bxf5 gxf5 22. Nf1 Qg8 23. Re2 fxg3 24. fxg3 Rxe2 25. Qxe2 Bxg3 26. h5 Be5+ 27. Kh1 Bxd4 28. c3 Qg1# 0-1

[Event "Santa Eulalia Vall del Tenes op 7th"]
[Site "Santa Eulalia de Roncana"]
[Date "2018.04.06"]
[Round "1.9"]
[White "Abreu Flores, Daniel"]
[Black "Garcia Torres, Adolfo"]
[Result "1-0"]
[WhiteElo "1904"]
[BlackElo "1485"]
[PlyCount "77"]
[EventDate "2018.04.06"]
[EventType "swiss"]
[EventRounds "8"]
[EventCountry "ESP"]
[SourceTitle "EXT 2024"]
[Source "ChessBase"]
[SourceDate "2023.10.10"]
[SourceVersion "1"]
[SourceVersionDate "2023.10.10"]
[SourceQuality "1"]

1. e4 e5 2. Nf3 Nf6 3. Nxe5 Qe7 4. d4 d6 5. Nf3 Nxe4 6. Be2 g6 7. 0-0 Bg7 8. Re1 0-0 9. Bc4 Kh8 10. Nbd2 f5 11. Bd5 c6 12. Nxe4 cxd5 13. Nc3 Qf7 14. Ng5 Qf6 15. Nxd5 Qd8 16. Nf4 Qxg5 17. Ne6 Qe7 18. Bg5 Qf7 19. Nxf8 Bxf8 20. d5 Bd7 21. Qd4+ Kg8 22. c4 b6 23. Qh4 Na6 24. Re2 Nc5 25. f3 Re8 26. Rxe8 Bxe8 27. Re1 Nd3 28. Re2 Ne5 29. b3 Qd7 30. h3 Nf7 31. Bf6 h6 32. f4 h5 33. Qe1 Ne5 34. fxe5 dxe5 35. Bxe5 Bf7 36. Bb2 Qd6 37. Qc3 Qc5+ 38. Kh1 Bxd5 39. Qh8+ 1-0

[Event "Vall del Tenes op 6th"]
[Site "Santa Eulalia de Roncana"]
[Date "2017.06.09"]
[Round "7"]
[White "Abreu Flores, Daniel"]
[Black "Urena Casacuberta, Lluis"]
[Result "0-1"]
[WhiteElo "1936"]
[BlackElo "1873"]
[PlyCount "50"]
[EventDate "2017.04.21"]
[EventType "swiss"]
[EventRounds "8"]
[EventCountry "ESP"]
[SourceTitle "CBM 189 Extra"]
[Source "ChessBase"]
[SourceDate "2019.06.03"]
[SourceVersion "1"]
[SourceVersionDate "2019.06.03"]
[SourceQuality "1"]

1. e4 e5 2. Nf3 Nf6 3. Nxe5 d6 4. Nf3 Nxe4 5. Nc3 Nxc3 6. dxc3 Be7 7. Bf4 Nd7 8. Qd2 Nc5 9. 0-0-0 0-0 10. h4 Bf6 11. Bd3 Re8 12. Ng5 h6 13. Kb1 Nxd3 14. Qxd3 hxg5 15. hxg5 Be5 16. Qh7+ Kf8 17. Rhe1 f6 18. g6 Be6 19. Bxe5 Bg8 20. Qh8 Rxe5 21. Rxe5 fxe5 22. Rd3 e4 23. Rd5 Qf6 24. g4 Ke7 25. g5 Qf8 0-1

[Event "Vall del Tenes op 6th"]
[Site "Santa Eulalia de Roncana"]
[Date "2017.06.02"]
[Round "6"]
[White "Reyes Menendez, Antonio"]
[Black "Abreu Flores, Daniel"]
[Result "1-0"]
[WhiteElo "2014"]
[BlackElo "1936"]
[PlyCount "119"]
[EventDate "2017.04.21"]
[EventType "swiss"]
[EventRounds "8"]
[EventCountry "ESP"]
[SourceTitle "CBM 189 Extra"]
[Source "ChessBase"]
[SourceDate "2019.06.03"]
[SourceVersion "1"]
[SourceVersionDate "2019.06.03"]
[SourceQuality "1"]

1. Nf3 e6 2. b3 Nf6 3. Bb2 b6 4. e3 Bb7 5. d4 d5 6. Bd3 Bd6 7. 0-0 0-0 8. Nbd2 Nbd7 9. c4 Ne4 10. Qc2 f5 11. Ne5 c6 12. Nxd7 Qxd7 13. Nf3 Rac8 14. Ne5 Qe7 15. f3 Nf6 16. Rad1 c5 17. Qe2 Nh5 18. f4 Nf6 19. Ba3 cxd4 20. Bxd6 Qxd6 21. exd4 Ne4 22. Bxe4 dxe4 23. Qe3 Rc7 24. Rf2 Rd8 25. Rfd2 Qb4 26. Rc1 Rcc8 27. Qc3 a5 28. Qxb4 axb4 29. g3 Rd6 30. Kf2 Bc6 31. Ke3 Be8 32. c5 Rd5 33. c6 b5 34. Rdc2 Kf8 35. Rc5 Ke7 36. g4 g6 37. gxf5 gxf5 38. R5c2 Rd6 39. Rg1 Bg6 40. h4 Rc7 41. Rg5 Kf6 42. h5 Be8 43. h6 Rd8 44. Rg8 Rdc8 45. Rc5 Rd8 46. Rxb5 Bxc6 47. Rxd8 Bxb5 48. Rf8+ Ke7 49. Rf7+ Kd6 50. Rxc7 Kxc7 51. Nf7 Kd7 52. Ng5 Ke7 53. Nxh7 Kf7 54. Ng5+ Kg6 55. h7 Kg7 56. Nxe6+ Kxh7 57. Nc7 Bd7 58. Nd5 Kg7 59. Nxb4 Bc8 60. a4 1-0

[Event "Vall del Tenes op 6th"]
[Site "Santa Eulalia de Roncana"]
[Date "2017.05.19"]
[Round "5"]
[White "Lucena Perianez, Jordi"]
[Black "Abreu Flores, Daniel"]
[Result "1/2-1/2"]
[WhiteElo "1646"]
[BlackElo "1936"]
[PlyCount "53"]
[EventDate "2017.04.21"]
[EventType "swiss"]
[EventRounds "8"]
[EventCountry "ESP"]
[SourceTitle "CBM 189 Extra"]
[Source "ChessBase"]
[SourceDate "2019.06.03"]
[SourceVersion "1"]
[SourceVersionDate "2019.06.03"]
[SourceQuality "1"]

1. e4 e6 2. d4 d5 3. Nc3 Nf6 4. e5 Nfd7 5. Nf3 c5 6. Be3 Nc6 7. Nb5 cxd4 8. Nbxd4 Ndxe5 9. Nxe5 Nxe5 10. Bb5+ Bd7 11. Qe2 Be7 12. f4 Nc6 13. 0-0 0-0 14. Nxc6 bxc6 15. Bd3 c5 16. Bxh7+ Kxh7 17. Qh5+ Kg8 18. Rf3 f5 19. Rh3 Rf6 20. Qh7+ Kf7 21. Qh5+ g6 22. Qh7+ Ke8 23. Qg7 Rf7 24. Rh8+ Bf8 25. Rxf8+ Rxf8 26. Qxg6+ Rf7 27. Qg8+ 1/2-1/2

[Event "Vall del Tenes op 6th"]
[Site "Santa Eulalia de Roncana"]
[Date "2017.04.28"]
[Round "2"]
[White "Abreu Flores, Daniel"]
[Black "Mas Sayos, Lluis"]
[Result "1-0"]
[WhiteElo "1936"]
[BlackElo "1668"]
[PlyCount "49"]
[EventDate "2017.04.21"]
[EventType "swiss"]
[EventRounds "8"]
[EventCountry "ESP"]
[SourceTitle "CBM 189 Extra"]
[Source "ChessBase"]
[SourceDate "2019.06.03"]
[SourceVersion "1"]
[SourceVersionDate "2019.06.03"]
[SourceQuality "1"]

1. e4 e5 2. Nf3 Nc6 3. d4 exd4 4. Nxd4 Nxd4 5. Qxd4 d6 6. Nc3 Nf6 7. f3 Be7 8. Be3 Be6 9. 0-0-0 c6 10. g4 0-0 11. g5 Nd7 12. f4 Bg4 13. Be2 Bxe2 14. Nxe2 Nc5 15. Ng3 Re8 16. h4 Bf8 17. h5 Qe7 18. Rdg1 Nxe4 19. Nf5 Qe6 20. Nh6+ Kh8 21. g6 fxg6 22. hxg6 hxg6 23. f5 gxf5 24. Nxf5+ Kg8 25. Rxg7+ 1-0